000 00708nam a2200265Ia 4500
003 OSt
005 20220912151451.0
006 a|||||r|||| 00| 0
007 ta
008 220909b |||||||| |||| 00| 0 eng d
024 _a42463
037 _cTextual
040 _aCSL
_beng
_cCSL
041 _aeng
082 _aG111, M8
100 _aOhki Shinpei Ed.
245 0 _aMolecular mechanisms of membrane fusion
260 _aNew York
_b Plenum Press
_c1988
300 _a588p.
_ccm.
650 _aBiology
700 _a Doyle D Ed.
700 _a Flanagan T D Ed.
942 _hG111, M8
_cTEXL
_2CC
999 _c69173
_d69173